LIBRARY & INFORMATION CENTRE, KCAET, TAVANUR

ONLINE PUBLIC ACCESS CATALOGUE (OPAC)

Food Processing: Oppertunities and Challenges (Record no. 14721)

MARC details
000 -LEADER
fixed length control field 00313nam a22001217a 4500
020 ## - INTERNATIONAL STANDARD BOOK NUMBER
ISBN 8131405605
082 ## - DEWEY DECIMAL CLASSIFICATION NUMBER
Classification number 664
Item number CHA/FO
245 ## - TITLE STATEMENT
Title Food Processing: Oppertunities and Challenges
260 ## - PUBLICATION, DISTRIBUTION, ETC. (IMPRINT)
Place of publication Hyderabad
Name of publisher The Icfai University Press
Year of publication 2006
300 ## - PHYSICAL DESCRIPTION
Number of Pages 245
700 ## - ADDED ENTRY--PERSONAL NAME
Personal name Amrita Chakraborty
942 ## - ADDED ENTRY ELEMENTS (KOHA)
Koha item type Book Bank scheme for SC students
Holdings
Withdrawn status Lost status Damaged status Collection code Home library Current library Shelving location Date acquired Source of acquisition Cost, normal purchase price Full call number Accession Number Koha item type
        KAUAET KAUAET Scheme 23/08/2016 Calicut Book Daistributors, Calicut. 425.00 664 CHA/FO BB 270 Book Bank scheme for SC students
free website counter